000 00646nam a2200229Ia 4500
005 20260429112020.0
008 260429s9999||||xx |||||||||||||| ||und||
020 _a9780367697969
041 _aEnglish
082 _a304.6
_bHAZ
100 _aHazen, Helen D.
245 0 _aPopulation geography :
_bsocial justice for a sustainable world /
_cHelen D. Hazen
250 _a1st ed.
260 _aNew York :
_bRoutledge,
_c2024.
300 _axvi, 334 p.; pbk
650 _a Demography
650 _a Human geography
650 _aPopulation geography
700 _a Alberts, Heike C.
700 _a Zaniewski, Kazimierz J.
942 _cTB
999 _c51900
_d51900